Provinces of the Republic of Artsakh in 2020 on a Map - Statistics

General Stats
  • This quiz has been taken 38 times
  • The average score is 4 of 8
Answers on the Map
Answers color-coded by a green-red scale on the quiz's map according to % correct below.
 
Answer Stats
Province % Correct
Stepanakert
91%
Shushi
68%
Martakert
55%
Martuni
50%
Askeran
41%
Hadrut
41%
Shahumyan
41%
Kashatagh
36%
No matching quizzes found
Score Distribution
Percent of People with Each Score
Percentile by Number Answered
Your Score History
You have not taken this quiz